Score 0/18 Timer 05:00
0 Plays Today
Clue Place % Correct
Twelve for each godCabins
69.8%
Oracle, Pinochle, RecreationBig House
65.1%
Massive rock pile named after the mighty godZeus's Fist
55.8%
Metal, Bronze, ToolsForge
53.5%
Sword, Shield, ArmorArmory
53.5%
Lava, RockClimbing Wall
48.8%
Javelin throwing, Sword skills, ArcheryArena
41.9%
Painting, Sculpting, Carving, etc.Arts and Crafts
37.2%
MealsMess Hall
37.2%
Clue Place % Correct
Fourth of July celebrationFireworks Beach
34.9%
Naiads, CanoeingCanoe Lake
34.9%
Zeus's daughter, PeleusThalia's Pine
32.6%
Satyrs, Pipes, GrowingStrawberry Fields
30.2%
RidingPegasus Stables
23.3%
A summer sport areaVolleyball Court
23.3%
Songs, CampfireAmpitheater
18.6%
Dividing river named after the God of SummerZephyros Creek
18.6%
Capture the FlagNorth Woods
16.3%
Remove Ads.
Support Sporcle.
Get the best of Sporcle when you Go Orange. This ad-free experience offers more features, more stats, and more fun while also helping to support Sporcle. Thank you for becoming a member.

You're not logged in!

Compare scores with friends on all Sporcle quizzes.
OR
Log In

Show Comments

Extras

Created Nov 9, 2010ReportNominate
Tags:camp, Event, half-blood, place

Top Quizzes Today


Score Distribution

Your Account Isn't Verified!

In order to create a playlist on Sporcle, you need to verify the email address you used during registration. Go to your Sporcle Settings to finish the process.

Report this User

Report this user for behavior that violates our Community Guidelines.

Details: